Asrar-E-Khudi / (Record no. 595013)

000 -LEADER
fixed length control field 00452nam a22001457a 4500
082 ## - DEWEY DECIMAL CLASSIFICATION NUMBER
Classification number 891.55
Author Mark IQB
100 ## - MAIN ENTRY--PERSONAL NAME
Personal name Iqbal, Allama Muhammad
245 ## - TITLE STATEMENT
Title Asrar-E-Khudi /
Statement of responsibility, etc. Allama Muhammad Iqbal and Translated by Asghar Ijaz
260 ## - PUBLICATION, DISTRIBUTION, ETC.
Place of publication, distribution, etc. Rawalpindi :
Name of publisher, distributor, etc. Askaria Education System,
Date of publication, distribution, etc. N.A.
300 ## - PHYSICAL DESCRIPTION
Extent 128 p. ;
Dimensions 22 cm.
563 ## - BINDING INFORMATION
Binding note HBK.
650 ## - SUBJECT ADDED ENTRY--TOPICAL TERM
Topical term or geographic name entry element Urdu Poetry
-- Iqbal poetry
880 ## - ALTERNATE GRAPHIC REPRESENTATION
Linkage 245-02\r
Title اسرار خودی
942 ## - ADDED ENTRY ELEMENTS (KOHA)
Source of classification or shelving scheme
Koha item type Book
650 ## - SUBJECT ADDED ENTRY--TOPICAL TERM
-- 117997
Holdings
Withdrawn status Lost status Source of classification or shelving scheme Damaged status Not for loan Permanent Location Current Location Shelving location Date acquired Source of acquisition Total Checkouts Full call number Barcode Date last seen Price effective from Koha item type Materials specified (bound volume or other part)
          Central Library (CL) Central Library (CL) Urdu Literature 06/26/2023 Donated by General Headquarters IGT&E Rawalpindi   891.55 IQB CL-D-2294 08/27/2025 06/26/2023 Book  
          Central Library (CL) Central Library (CL) Urdu Literature 06/26/2023 Donated by Nihal Ahmed, SEECS NUST   891.55 IQB CL-D-2368 08/27/2025 06/26/2023 Book  
          Central Library (CL) Central Library (CL)   07/12/2023 Donation   891.55 IQB CL-D-2402 08/27/2025 07/12/2023 Book Donated by Syeda Mahmaz Batool (HEC)
          Central Library (CL) Central Library (CL)   12/09/2025     891.55 IQB CL-D-3175 12/09/2025 12/09/2025 Book  
© 2023 Central Library, National University of Sciences and Technology. All Rights Reserved.